000 00823nam a2200301 i 4500
001 00335290
003 DO-SdBNP
005 20180222092922.0
007 00335290
008 921113s1989 sp a | | spa d
016 7 _a
_z
_2BPMSU
017 _a
_b
020 _a843482938X
035 _a
040 _aBPMSU
_bspa
_cBPMSU
082 4 _axxx
_bxxx
100 1 _aFarias, Juan
_d1935-2011
245 1 4 _aLos mercaderes del diablo /
_cJuan Farias ; ilustraciones, Federico Delicado
_h
260 _aMadrid :
_bSM,
_c1989.
300 _a88 p. :
_bil.,
_c18 cm.
490 _aCatamarán
_v19
521 _aA partir de 12 años.
700 1 _aDelicado, Federico
_eil.
830 _aCatamarán
_v19
942 _2ddc
_cBK
945 _aInventariado, 2018/ YL
956 _aVMATEO
_210
_320160317
_6BPMSU
_800151
999 _c9288
_d9288